000 00410nam a2200133 i 4500
001 bg
245 0 _aRaport o stanie świata 1985-1988 :
_bWorldwatch Institute o szansach przetrwania ludzkości : praca zbiorowa /
_cpod red. Lestera R. Browna.
260 _aWarszawa,
_c1990.
700 1 _aBrown, Lester R.
_eRed.
040 _cBPK
041 _apol
942 _cKS
008 s pl f |000 0 pol
999 _c29289
_d29289
856 _uhttp://koha.tu.koszalin.pl/cgi-bin/koha/opac-detail.pl?biblionumber=29289
_yKatalog online BPK